UBT Library

Aiding democracy abroad : (Record no. 42518)

000 -LEADER
fixed length control field 00878cam a22002654a 4500
001 - CONTROL NUMBER
control field 11770283
005 - DATE AND TIME OF LATEST TRANSACTION
control field 20180214082508.0
008 - FIXED-LENGTH DATA ELEMENTS--GENERAL INFORMATION
fixed length control field 990812s1999 dcu b 001 0 eng
010 ## - LIBRARY OF CONGRESS CONTROL NUMBER
LC control number 99045358
020 ## - INTERNATIONAL STANDARD BOOK NUMBER
International Standard Book Number 0870031686 (cloth)
020 ## - INTERNATIONAL STANDARD BOOK NUMBER
International Standard Book Number 0870031694 (paper)
035 ## - SYSTEM CONTROL NUMBER
System control number (DLC) 99045358
040 ## - CATALOGING SOURCE
Original cataloging agency DLC
Transcribing agency DLC
Modifying agency DLC
041 ## - LANGUAGE CODE
Language code of text/sound track or separate title eng
042 ## - AUTHENTICATION CODE
Authentication code pcc
080 ## - UNIVERSAL DECIMAL CLASSIFICATION NUMBER
Universal Decimal Classification number 321.8071 THO
082 00 - DEWEY DECIMAL CLASSIFICATION NUMBER
Classification number 321.8071 THO
Edition number 21
100 1# - Rafti
Rafti 23
101 ## - Shkurtesa
Shkurtesa POL
245 10 - TITLE STATEMENT
Title Aiding democracy abroad :
Statement of responsibility, etc Thomas Carothers.
504 ## - BIBLIOGRAPHY, ETC. NOTE
Bibliography, etc Includes bibliographical references (p. 383-400) and index.
906 ## - LOCAL DATA ELEMENT F, LDF (RLIN)
a 7
b cbc
c orignew
d 1
e ocip
f 19
g y-gencatlg
942 ## - ADDED ENTRY ELEMENTS (KOHA)
Source of classification or shelving scheme
Item type Books
Holdings
Withdrawn status Lost status Source of classification or shelving scheme Damaged status Not for loan Collection code Permanent location Current location Shelving location Date acquired Total Checkouts Full call number Barcode Date last seen Price effective from Koha item type
          Koleksioni i përgjithshem UBT - Lipjan UBT - Lipjan Koleksioni i përgjithshem 02/14/2018   321.8071 THO 002-2997300 02/14/2018 02/14/2018 Books
UBT Library © 2015-2024. All rights reserved University Education for Business and Technology